Tierra del fuego.

Guardado en:
Formato: Deslizar
Materias:
Etiquetas: Agregar Etiqueta
Sin Etiquetas, Sea el primero en etiquetar este registro!
LEADER 00991ngm a22002655g 4500
001 CEM.cems022326
008 130507b1997##################0###0#####d
005 20241029132032.0
245 0 0 |a Tierra del fuego. 
300 |a 49'. 
500 |a En soporte VHS, consultar en ventanilla. 
505 0 |a Tren de Ushuaia: motivo de su creación en 1902. Penal de Ushuaia. Aborígenes Yamanes. Travesía Ushuaia-Puerto Williams. Mitos (Caleuche) y tradiciones. Glaciares. Primeros exploradores (Darwin) y pobladores. 
538 |a Soporte: VHS - Norma: Pal N - Color: Si - Grabación DRD 1997 - Hitachi=0000 
082 9 1 |. 7/ART 
653 |a ARGENTINA 
653 |a USHUAIA 
653 |a GEOGRAFIA 
653 |a TIERRA DEL FUEGO 
653 |a PARQUE NACIONAL TIERRA DEL FUEGO 
653 |a TREN DE USHUAIA 
653 |a CANAL DE BEAGLE 
653 |a YAMANES 
653 |a NIVEL PRIMARIO 
653 |a NIVEL SECUNDARIO 
859 |a CEMS  |b BIB. CEMS - Depto. Recursos Didacticos  |h 918.7  |i ART  |k DRD  |p 969.12  |t Ej.1